[Event "Plzen, FSB A"]
[Site "?"]
[Date "2003.??.??"]
[Round "3.46"]
[White "Toman, J."]
[Black "Prazak, O."]
[Result "1/2-1/2"]
[WhiteElo "2107"]
[BlackElo "2010"]
[PlyCount "129"]
[EventDate "2003.??.??"]
[Source "ChessBase"]
[SourceDate "1996.11.15"]

1. e4 e5 2. Nf3 Nc6 3. Bb5 a6 4. Ba4 Nf6 5. O-O Nxe4 6. d4 exd4 7. Re1 d5 8.
Nxd4 Bd6 9. Nxc6 Bxh2+ 10. Kf1 Qh4 11. Rxe4+ dxe4 12. Ne5+ c6 13. Qd4 O-O 14.
Nf3 Qh5 15. Qxe4 Bf5 16. Qh4 Qxh4 17. Nxh4 Be6 18. Be3 Bc7 19. Nd2 Rfe8 20.
Nhf3 Rad8 21. Nd4 Bc8 22. c3 b5 23. Bc2 c5 24. N4f3 c4 25. a4 f5 26. axb5 axb5
27. Ra7 Bb8 28. Ra5 Bd7 29. Bb6 Rc8 30. Nd4 b4 31. cxb4 c3 32. bxc3 Rxc3 33.
Nb1 Rcc8 34. Rc5 Bd6 35. Rxc8 Rxc8 36. Ba5 Be5 37. Bb3+ Kf8 38. Nc2 Bb5+ 39.
Ke1 Bd3 40. Kd2 Be4 41. f3 Bb7 42. b5 g5 43. Be6 Bf4+ 44. Kd1 Re8 45. Bxf5 Re5
46. Bd3 g4 47. fxg4 Bxg2 48. Ne1 Bh3 49. Bb4+ Ke8 50. Kc2 Bxg4 51. Bd6 Rxe1 52.
Bxf4 Be2 53. Nc3 Bxd3+ 54. Kxd3 Kd7 55. Ne4 Rb1 56. Kc4 Rf1 57. Bg3 h5 58. Nc5+
Kc8 59. b6 Rc1+ 60. Kd5 Rb1 61. Kc6 Rb2 62. b7+ Rxb7 63. Nxb7 h4 64. Bh2 h3 65.
Nc5 {partie skoncila v 117. tahu remizou} 1/2-1/2

[Event "Plzen, FSB A"]
[Site "?"]
[Date "2003.??.??"]
[Round "3.47"]
[White "Toman, J."]
[Black "Cichy, M."]
[Result "0-1"]
[WhiteElo "1940"]
[BlackElo "2097"]
[PlyCount "48"]
[EventDate "2003.??.??"]
[Source "ChessBase"]
[SourceDate "1996.11.15"]

1. d4 Nf6 2. Nf3 c5 3. d5 d6 4. c4 b5 5. cxb5 a6 6. bxa6 Bxa6 7. g3 g6 8. Bg2
Bg7 9. O-O O-O 10. Nc3 Nbd7 11. Re1 Qa5 12. h3 Rfb8 13. e4 Ne8 14. Qc2 c4 15.
Bf1 Nc5 16. e5 Nd3 17. Bxd3 cxd3 18. Qd1 Nc7 19. Ng5 dxe5 20. Qf3 f6 21. Nge4
f5 22. Ng5 e4 23. Qf4 Nxd5 24. Nxd5 Qxd5 0-1

[Event "Plzen, FSB A"]
[Site "?"]
[Date "2003.??.??"]
[Round "3.48"]
[White "Reitinger, P."]
[Black "Hasek, P."]
[Result "1-0"]
[WhiteElo "2083"]
[BlackElo "1934"]
[PlyCount "79"]
[EventDate "2003.??.??"]
[Source "ChessBase"]
[SourceDate "1996.11.15"]

1. e4 e5 2. Nf3 Nc6 3. d4 exd4 4. Bc4 Bc5 5. O-O d6 6. c3 d3 7. Qxd3 Nf6 8. Bg5
h6 9. Bh4 Qe7 10. b4 Bb6 11. a4 a5 12. b5 Ne5 13. Nxe5 dxe5 14. Na3 Be6 15.
Bxf6 Qxf6 16. Bxe6 Qxe6 17. Nc4 Bc5 18. Rad1 Be7 19. Qd5 Qxd5 20. Rxd5 f6 21.
Rfd1 b6 22. Ne3 Rd8 23. Kf1 g6 24. Ke2 Bd6 25. h4 h5 26. Nc4 Ke7 27. Rxd6 cxd6
28. Nxb6 Ke6 29. Rd5 Rh7 30. Nc4 Rc7 31. Nxa5 Rxc3 32. Nc6 Ra8 33. a5 f5 34. f3
fxe4 35. fxe4 Rf8 36. a6 Ra3 37. Rd3 Ra4 38. a7 Rxe4+ 39. Kd2 Kd7 40. Nb8+ 1-0

[Event "Plzen, FSB A"]
[Site "?"]
[Date "2003.??.??"]
[Round "3.49"]
[White "Kubik, J."]
[Black "Kratochvil, M."]
[Result "0-1"]
[WhiteElo "1863"]
[BlackElo "2102"]
[PlyCount "66"]
[EventDate "2003.??.??"]
[Source "ChessBase"]
[SourceDate "1996.11.15"]

1. c4 d6 2. d4 f5 3. Nc3 Nf6 4. g3 g6 5. Bg2 Bg7 6. Bg5 Nc6 7. Bxf6 Bxf6 8. e3
O-O 9. Nge2 e5 10. O-O Rb8 11. Rc1 Bd7 12. a3 g5 13. d5 Ne7 14. f4 Ng6 15. Qd2
Rf7 16. Kh1 h5 17. e4 gxf4 18. exf5 Bxf5 19. Ne4 Bg7 20. c5 Bh6 21. gxf4 Nxf4
22. Nxf4 Bxf4 23. Rxf4 exf4 24. cxd6 Bxe4 25. Bxe4 Qxd6 26. Rg1+ Rg7 27. Rxg7+
Kxg7 28. Qg2+ Kh6 29. Bf5 Rf8 30. Qe4 c6 31. Be6 cxd5 32. Bxd5 Rd8 33. Bb3 Qc6
0-1

[Event "Plzen, FSB A"]
[Site "?"]
[Date "2003.??.??"]
[Round "3.50"]
[White "Huisman, H."]
[Black "Choisy, M."]
[Result "0-1"]
[WhiteElo "2135"]
[BlackElo "2024"]
[PlyCount "43"]
[EventDate "2003.??.??"]
[Source "ChessBase"]
[SourceDate "1996.11.15"]

1. c4 Nf6 2. Nc3 c5 3. g3 g6 4. Bg2 Bg7 5. d3 Nc6 6. e4 d6 7. Nge2 e5 8. O-O
Be6 9. h3 Qd7 10. Kh2 h5 11. Nd5 h4 12. g4 Nh7 13. f4 f5 14. g5 O-O-O 15. a3
exf4 16. Nexf4 Be5 17. Kh1 fxe4 18. dxe4 Nxg5 19. Nxg6 Rhg8 20. Bxg5 Rxg6 21.
Bxd8 Bxh3 22. Rg1 0-1

[Event "Plzen, FSB A"]
[Site "?"]
[Date "2003.??.??"]
[Round "3.51"]
[White "Postupa, P."]
[Black "Kovarik, J."]
[Result "1-0"]
[WhiteElo "2132"]
[BlackElo "2007"]
[PlyCount "97"]
[EventDate "2003.??.??"]
[Source "ChessBase"]
[SourceDate "1996.11.15"]

1. e4 g6 2. d4 Bg7 3. c4 d6 4. Nf3 Nc6 5. h3 Nf6 6. Nc3 O-O 7. Be2 e6 8. Bg5 h6
9. Be3 Kh7 10. Bd3 e5 11. d5 Nb4 12. g4 Nxd3+ 13. Qxd3 Nxg4 14. hxg4 Bxg4 15.
Bxh6 Bxh6 16. Qe3 Bh5 17. Qd3 f5 18. Nd2 Qg5 19. f3 Qg2 20. O-O-O fxe4 21.
Ncxe4 Bxf3 22. Rxh6+ Kxh6 23. Qe3+ Rf4 24. Nxf3 Qxf3 25. Qxf3 Rxf3 26. Rh1+ Kg7
27. Ng5 Rf2 28. Rh7+ Kf6 29. Ne4+ Kf5 30. Nxf2 Rc8 31. Rf7+ Kg5 32. Ne4+ Kg4
33. Kd2 Rh8 34. Rxc7 Rh2+ 35. Kc3 Rh3+ 36. Kb4 Kf3 37. Nxd6 g5 38. Rf7+ Ke3 39.
Nxb7 g4 40. d6 g3 41. d7 Rh8 42. d8=Q Rxd8 43. Nxd8 g2 44. Rg7 Kf2 45. Nc6 e4
46. Nd4 g1=Q 47. Rxg1 Kxg1 48. c5 Kf2 49. c6 1-0

[Event "Plzen, FSB A"]
[Site "?"]
[Date "2003.??.??"]
[Round "3.52"]
[White "Novacek, K."]
[Black "Postupa, P."]
[Result "1-0"]
[WhiteElo "2116"]
[BlackElo "1863"]
[PlyCount "73"]
[EventDate "2003.??.??"]
[Source "ChessBase"]
[SourceDate "1996.11.15"]

1. e4 c5 2. f4 d6 3. Nf3 Nc6 4. Bb5 Bd7 5. O-O e6 6. Nc3 a6 7. Bxc6 Bxc6 8. d3
Nf6 9. e5 Nd7 10. Qe1 d5 11. f5 Be7 12. Qg3 Rg8 13. fxe6 fxe6 14. Ng5 Nf8 15.
Qf3 Kd7 16. Qf7 Rh8 17. Qxg7 Ng6 18. Nxh7 Nh4 19. Bg5 Nf5 20. Rxf5 exf5 21. e6+
Kc8 22. Bxe7 Rg8 23. Qf7 Qe8 24. Nf6 Qxf7 25. exf7 Rh8 26. f8=Q+ Rxf8 27. Bxf8
d4 28. Ncd5 Kd8 29. Be7+ Kc8 30. Nb6+ Kb8 31. Bxc5 a5 32. Nxa8 Kxa8 33. Bb6 Kb8
34. Re1 Kc8 35. Re7 f4 36. Rf7 Be8 37. Rf8 1-0

[Event "Plzen, FSB A"]
[Site "?"]
[Date "2003.??.??"]
[Round "3.53"]
[White "Houska, J."]
[Black "Sedlacek, J."]
[Result "0-1"]
[WhiteElo "2056"]
[BlackElo "2083"]
[PlyCount "58"]
[EventDate "2003.??.??"]
[Source "ChessBase"]
[SourceDate "1996.11.15"]

1. e4 c5 2. Nf3 e6 3. d4 cxd4 4. Nxd4 a6 5. Bd3 Nc6 6. Be3 Nf6 7. Nc3 Bb4 8.
O-O O-O 9. f4 Bc5 10. e5 Ne8 11. Bxh7+ Kxh7 12. Qh5+ Kg8 13. Ne4 Be7 14. Nf3 f6
15. g4 Rf7 16. Qg6 fxe5 17. fxe5 Rxf3 18. Qh5 Nxe5 19. Qxe5 Rxe3 20. Qf4 Rh3
21. Kg2 Rh4 22. Qf7+ Kh7 23. Rf4 d5 24. g5 Bxg5 25. Rxh4+ Bxh4 26. Rf1 Nf6 27.
Nxf6+ Bxf6 28. Rf3 e5 29. Rc3 Bd7 0-1

[Event "Plzen, FSB A"]
[Site "?"]
[Date "2003.??.??"]
[Round "3.54"]
[White "Szarowski, D."]
[Black "Cvikl, M."]
[Result "0-1"]
[WhiteElo "1930"]
[BlackElo "2078"]
[PlyCount "46"]
[EventDate "2003.??.??"]
[Source "ChessBase"]
[SourceDate "1996.11.15"]

1. e4 c5 2. Nf3 e6 3. d4 cxd4 4. Nxd4 a6 5. a3 Nf6 6. Nc3 Qc7 7. Be2 b5 8. O-O
Bb7 9. Bf3 d6 10. Nb3 Nc6 11. Bg5 Be7 12. Qd2 Ne5 13. Rad1 Nc4 14. Qf4 Nxb2 15.
Bxf6 Bxf6 16. Ne2 Nxd1 17. Rxd1 Rd8 18. Qd2 O-O 19. Ng3 d5 20. Nh5 Bc3 21. Qg5
dxe4 22. Rxd8 Qxd8 23. Qe3 exf3 0-1

[Event "Plzen, FSB A"]
[Site "?"]
[Date "2003.??.??"]
[Round "3.55"]
[White "Kalista, K."]
[Black "Krejcova, K."]
[Result "1-0"]
[WhiteElo "2074"]
[BlackElo "1848"]
[PlyCount "59"]
[EventDate "2003.??.??"]
[Source "ChessBase"]
[SourceDate "1996.11.15"]

1. d4 Nf6 2. c4 e5 3. dxe5 Ng4 4. Nf3 Bc5 5. e3 Nc6 6. Nc3 O-O 7. Be2 Ngxe5 8.
O-O a5 9. b3 d6 10. Bb2 Be6 11. Nd4 Bd7 12. Na4 Ba7 13. Nb5 Bb8 14. Qd2 f6 15.
Rad1 Qe8 16. Nac3 Nd8 17. c5 Qg6 18. Nd5 Rf7 19. Nf4 Qg5 20. f3 Bxb5 21. Bxb5
c6 22. Be2 d5 23. Nxd5 Rd7 24. f4 Qh4 25. fxe5 cxd5 26. Bc4 Nf7 27. g3 Qh3 28.
Bxd5 Kf8 29. e6 Bxg3 30. exd7 1-0

[Event "Plzen, FSB A"]
[Site "?"]
[Date "2003.??.??"]
[Round "3.57"]
[White "Snaidr, J."]
[Black "Letourneur, A."]
[Result "1/2-1/2"]
[WhiteElo "2063"]
[BlackElo "1830"]
[PlyCount "50"]
[EventDate "2003.??.??"]
[Source "ChessBase"]
[SourceDate "1996.11.15"]

1. d4 d5 2. c4 dxc4 3. Nf3 c5 4. e3 cxd4 5. exd4 Be6 6. Nc3 Nf6 7. g3 Nc6 8.
Bg2 Nd5 9. O-O Nxc3 10. bxc3 Bd5 11. Rb1 Qd7 12. Ba3 e6 13. Bxf8 Rxf8 14. Qd2
f6 15. Qe2 Kf7 16. Nd2 Bxg2 17. Kxg2 Qd5+ 18. Kg1 b5 19. f4 b4 20. Qxc4 Qxc4
21. Nxc4 bxc3 22. Rfc1 Nxd4 23. Kf2 Rab8 24. Rxb8 Rxb8 25. Rxc3 Ke7 1/2-1/2

[Event "Plzen, FSB A"]
[Site "?"]
[Date "2003.??.??"]
[Round "4.1"]
[White "Volosin, L."]
[Black "Laznicka, V."]
[Result "1-0"]
[WhiteElo "2468"]
[BlackElo "2446"]
[PlyCount "53"]
[EventDate "2003.??.??"]
[Source "ChessBase"]
[SourceDate "1996.11.15"]

1. d4 Nf6 2. Nc3 e6 3. e4 d5 4. Bg5 Bb4 5. e5 h6 6. Bd2 Bxc3 7. bxc3 Ne4 8. Qg4
g6 9. Bd3 Nxd2 10. Kxd2 c5 11. dxc5 Qc7 12. Qd4 a6 13. Nf3 Nd7 14. h4 Nxc5 15.
h5 g5 16. Nh2 Bd7 17. Ng4 O-O-O 18. Nf6 Ne4+ 19. Bxe4 dxe4 20. Nxe4 f6 21. Ke3
Bc6 22. Nd6+ Kb8 23. Rhd1 Rhf8 24. Rab1 fxe5 25. Qxe5 Bd5 26. Rxd5 exd5 27.
Rxb7+ 1-0

[Event "Plzen, FSB A"]
[Site "?"]
[Date "2003.??.??"]
[Round "4.2"]
[White "Fedorchuk, S."]
[Black "Bernasek, J."]
[Result "1-0"]
[WhiteElo "2557"]
[BlackElo "2402"]
[PlyCount "49"]
[EventDate "2003.??.??"]
[Source "ChessBase"]
[SourceDate "1996.11.15"]

1. e4 c5 2. Nf3 e6 3. d4 cxd4 4. Nxd4 g6 5. Bd3 Qc7 6. Qe2 Bc5 7. Nb3 Be7 8.
O-O d6 9. c4 Nf6 10. Nc3 Nbd7 11. f4 b6 12. Bd2 Bb7 13. Rae1 Nc5 14. Nxc5 bxc5
15. e5 Nd7 16. exd6 Bxd6 17. Nd5 Qd8 18. f5 e5 19. Be4 Rb8 20. Qg4 Bf8 21. Bg5
h5 22. Qg3 f6 23. Bxf6 Nxf6 24. Qxe5+ Be7 25. Nxe7 1-0

[Event "Plzen, FSB A"]
[Site "?"]
[Date "2003.??.??"]
[Round "4.3"]
[White "Pribyl, J."]
[Black "Haba, P."]
[Result "0-1"]
[WhiteElo "2393"]
[BlackElo "2502"]
[PlyCount "74"]
[EventDate "2003.??.??"]
[Source "ChessBase"]
[SourceDate "1996.11.15"]

1. f4 d5 2. Nf3 g6 3. e3 Bg7 4. c4 c6 5. d4 Nh6 6. Nc3 O-O 7. Bd2 e6 8. Bd3 c5
9. dxc5 Na6 10. Na4 Bd7 11. O-O Bxa4 12. Qxa4 Nxc5 13. Qc2 Qb6 14. Rab1 Rac8
15. cxd5 exd5 16. Rfe1 Ng4 17. h3 Ne4 18. Qd1 Ngf2 19. Qe2 Nxd3 20. Qxd3 Rfe8
21. Kh2 Qa6 22. Qxa6 bxa6 23. Bb4 Rc2 24. Ba3 Nf2 25. Rec1 Re2 26. Rc7 h6 27.
Rxa7 Nd3 28. Ng1 Rc2 29. Be7 d4 30. exd4 Nxf4 31. Rd1 Nxg2 32. Kh1 Ne3 33. Rd3
Nf5 34. Bc5 Re1 35. b4 Ne3 36. Rxa6 Rg2 37. Ra8+ Kh7 0-1

[Event "Plzen, FSB A"]
[Site "?"]
[Date "2003.??.??"]
[Round "4.5"]
[White "Klima, L."]
[Black "Polak, T."]
[Result "1/2-1/2"]
[WhiteElo "2425"]
[BlackElo "2473"]
[PlyCount "70"]
[EventDate "2003.??.??"]
[Source "ChessBase"]
[SourceDate "1996.11.15"]

1. e4 b6 2. d4 Bb7 3. Bd3 Nf6 4. Qe2 Nc6 5. c3 e5 6. Nf3 d6 7. a3 Be7 8. O-O
O-O 9. Rd1 Nd7 10. Be3 Bf6 11. Nbd2 g6 12. Bh6 Bg7 13. Bxg7 Kxg7 14. Nf1 Qe7
15. Ne3 Rae8 16. d5 Ncb8 17. Nd2 Bc8 18. b4 Kh8 19. c4 Nf6 20. c5 dxc5 21. bxc5
Qxc5 22. Rdc1 Qd6 23. Bb5 Re7 24. Rc3 a6 25. Bc6 Nh5 26. g3 Ng7 27. Rac1 f5 28.
f3 f4 29. Nef1 Bh3 30. Qf2 fxg3 31. hxg3 Bxf1 32. Nxf1 Ref7 33. Ba4 Nh5 34. Bd1
Re7 35. Be2 Ref7 1/2-1/2

[Event "Plzen, FSB A"]
[Site "?"]
[Date "2003.??.??"]
[Round "4.6"]
[White "Cvek, R."]
[Black "Studnicka, T."]
[Result "1-0"]
[WhiteElo "2471"]
[BlackElo "2282"]
[PlyCount "65"]
[EventDate "2003.??.??"]
[Source "ChessBase"]
[SourceDate "1996.11.15"]

1. Nf3 Nf6 2. c4 c5 3. Nc3 Nc6 4. g3 d5 5. d4 cxd4 6. Nxd4 Qb6 7. Nxc6 bxc6 8.
Bg2 e6 9. O-O Be7 10. cxd5 exd5 11. Qc2 O-O 12. Be3 Qa5 13. Bd4 Rd8 14. a3 Ba6
15. Rfd1 Bc4 16. b3 Ba6 17. e3 Qc7 18. Na4 Bb5 19. Nc5 Bxc5 20. Bxf6 gxf6 21.
Qxc5 Qb7 22. Rd4 Be2 23. Rb4 Qd7 24. Rh4 Bg4 25. Qd4 Bf5 26. Qxf6 Bg6 27. Rc1
Rdc8 28. Bh3 Qd8 29. Qxd8+ Rxd8 30. Rxc6 Rab8 31. Rc3 Rb6 32. Bg2 Rbd6 33. Rd4
1-0

[Event "Plzen, FSB A"]
[Site "?"]
[Date "2003.??.??"]
[Round "4.7"]
[White "Nun, J."]
[Black "Jansa, V."]
[Result "1/2-1/2"]
[WhiteElo "2358"]
[BlackElo "2470"]
[PlyCount "240"]
[EventDate "2003.??.??"]
[Source "ChessBase"]
[SourceDate "1996.11.15"]

1. e4 c5 2. Nf3 d6 3. d4 cxd4 4. Nxd4 Nf6 5. Nc3 e6 6. g3 Be7 7. Bg2 O-O 8. O-O
a6 9. a4 Qc7 10. a5 Nc6 11. Nb3 Ne5 12. Qe2 Bd7 13. f4 Ng6 14. Be3 Rac8 15.
Rfd1 Rfe8 16. Rd2 h6 17. h3 Bf8 18. Bb6 Qb8 19. Re1 Bc6 20. h4 d5 21. h5 Ne7
22. e5 Nd7 23. Bf2 b5 24. g4 b4 25. Nd1 Bb5 26. Qf3 Nc6 27. Qg3 Ba4 28. g5 hxg5
29. Qxg5 Bxb3 30. cxb3 Ne7 31. Bh3 Rc6 32. Bd4 Qc7 33. Ne3 Kh8 34. Bf1 Ng8 35.
Rg2 Rc1 36. Rxc1 Qxc1 37. Qg3 Nh6 38. Kh2 Qb1 39. Bxa6 Qe4 40. Rd2 Nc5 41. Bxc5
Bxc5 42. Ng2 Nf5 43. Qd3 Nd4 44. Qxe4 dxe4 45. Rd1 Nxb3 46. Bb7 Nxa5 47. Bxe4
Nb3 48. Rd7 Kg8 49. Ne1 Bf8 50. Nd3 Rc8 51. Kg3 Rc4 52. Bf3 Nd4 53. Bg4 Nc6 54.
h6 gxh6 55. Bh5 Ne7 56. Kf3 Ng6 57. Ke3 Kg7 58. Rb7 b3 59. Rxb3 Ne7 60. Rb7
Nf5+ 61. Kd2 Be7 62. b4 Ng3 63. Bd1 Kf8 64. Rb8+ Kg7 65. Rb7 Kf8 66. b5 Ne4+
67. Ke3 Nc5 68. Rb8+ Kg7 69. Be2 Re4+ 70. Kf3 Rd4 71. Nxc5 Bxc5 72. b6 Rb4 73.
b7 Ba7 74. Rd8 Rxb7 75. Rd1 Rb3+ 76. Bd3 h5 77. Rd2 Kh6 78. Ke4 Rb4+ 79. Kf3
Ra4 80. Rg2 Rd4 81. Be4 Rd1 82. Ke2 Ra1 83. Rg8 Ra2+ 84. Kf3 Ra3+ 85. Kg2 Be3
86. f5 exf5 87. Bxf5 Ra2+ 88. Kg3 Ra1 89. Bh3 Bd4 90. Re8 Ra3+ 91. Kg2 h4 92.
e6 Rg3+ 93. Kh2 Bg1+ 94. Kh1 Bc5 95. Bg2 Kg7 96. exf7 Kxf7 97. Rh8 Rg4 98. Bf3
Rb4 99. Kg2 Rb2+ 100. Kh3 Rb3 101. Kg4 Rb4+ 102. Kf5 Kg7 103. Rh5 Be7 104. Be4
Rb3 105. Kf4 Bd6+ 106. Kg4 Rb4 107. Kf3 Bg3 108. Ra5 Bc7 109. Rh5 Bg3 110. Ra5
Rb6 111. Kg4 Rb4 112. Kf3 Rb3+ 113. Kg4 Kf6 114. Rf5+ Ke7 115. Rh5 Re3 116. Bf3
Kf6 117. Rf5+ Ke7 118. Rh5 Ra3 119. Bd5 Kd6 120. Be4 Ra4 1/2-1/2

[Event "Plzen, FSB A"]
[Site "?"]
[Date "2003.??.??"]
[Round "4.9"]
[White "Novak, P."]
[Black "Kalod, R."]
[Result "1/2-1/2"]
[WhiteElo "2317"]
[BlackElo "2435"]
[PlyCount "88"]
[EventDate "2003.??.??"]
[Source "ChessBase"]
[SourceDate "1996.11.15"]

1. e4 c5 2. Nf3 d6 3. d4 cxd4 4. Nxd4 Nf6 5. Nc3 a6 6. Bc4 e6 7. Bb3 Nbd7 8.
O-O Nc5 9. Re1 Be7 10. f4 O-O 11. Qf3 Qc7 12. f5 b5 13. a3 Rb8 14. Bg5 h6 15.
Bh4 b4 16. axb4 Rxb4 17. Rad1 Qb6 18. Bf2 Qb7 19. Na2 Rb6 20. Nc3 e5 21. Nde2
Nxb3 22. cxb3 Rxb3 23. Bh4 Rd8 24. Rd3 Rxb2 25. Bxf6 Bxf6 26. Nd5 Bg5 27. Qg4
Qb5 28. Red1 Kf8 29. h4 Bf6 30. Kh1 Bb7 31. Nec3 Qc4 32. Rg3 Bxd5 33. Nxd5 Qe2
34. Nxf6 gxf6 35. Qg7+ Ke7 36. Rc1 Qxe4 37. Rc7+ Rd7 38. Rxd7+ Kxd7 39. Qxf7+
Kc6 40. Qe8+ Kd5 41. Qa8+ Kd4 42. Qa7+ Kd5 43. Qa8+ Kd4 44. Qa7+ Kd5 1/2-1/2

[Event "Plzen, FSB A"]
[Site "?"]
[Date "2003.??.??"]
[Round "4.10"]
[White "Lechtynsky, J."]
[Black "Volodin, V."]
[Result "1-0"]
[WhiteElo "2431"]
[BlackElo "2279"]
[PlyCount "37"]
[EventDate "2003.??.??"]
[Source "ChessBase"]
[SourceDate "1996.11.15"]

1. Nf3 d5 2. d4 e6 3. c4 Nf6 4. Bg5 h6 5. Bxf6 Qxf6 6. Nc3 c6 7. Qc2 Nd7 8. e4
dxe4 9. Qxe4 Qd8 10. Bd3 Be7 11. O-O Nf6 12. Qe3 O-O 13. Ne5 Bd7 14. Rfe1 Be8
15. c5 Nd7 16. Rad1 Qc7 17. Ng4 Nf6 18. Nxh6+ gxh6 19. Qxh6 1-0

[Event "Plzen, FSB A"]
[Site "?"]
[Date "2003.??.??"]
[Round "4.11"]
[White "Folk, P."]
[Black "Konopka, M."]
[Result "0-1"]
[WhiteElo "2284"]
[BlackElo "2428"]
[PlyCount "118"]
[EventDate "2003.??.??"]
[Source "ChessBase"]
[SourceDate "1996.11.15"]

1. e4 d5 2. exd5 Qxd5 3. Nc3 Qa5 4. d4 c6 5. Nf3 Nf6 6. Bc4 Bf5 7. Bd2 e6 8.
Nd5 Qd8 9. Nxf6+ gxf6 10. Bb3 Nd7 11. Qe2 Qc7 12. Nh4 Bg6 13. g3 O-O-O 14.
O-O-O Kb8 15. f4 f5 16. c4 Bg7 17. Bc3 c5 18. Kb1 Rhe8 19. Rhe1 cxd4 20. Bxd4
Bxd4 21. Rxd4 Nf6 22. Rxd8+ Rxd8 23. Nxg6 hxg6 24. Rd1 Ne4 25. Bc2 Rxd1+ 26.
Qxd1 Qxc4 27. Qd8+ Qc8 28. Qd4 Nc5 29. Qf6 Qf8 30. Qe5+ Kc8 31. a3 Nd7 32. Qd4
Qc5 33. Qh8+ Qf8 34. Qd4 Qc5 35. Qh8+ Kc7 36. Qh7 Qe7 37. Qh8 Qf6 38. Qe8 a6
39. Ka2 Nb6 40. Bb3 Nc8 41. Qf8 Nd6 42. Bc2 Kb6 43. Bb3 Ka7 44. h4 Qd4 45. Qd8
Nb5 46. Qxd4+ Nxd4 47. Bd1 Kb6 48. h5 gxh5 49. Bxh5 f6 50. Kb1 Kc5 51. Kc1 Kd5
52. Kd2 Ke4 53. Bd1 e5 54. fxe5 fxe5 55. Bh5 Nb3+ 56. Ke2 Nc1+ 57. Kd2 Nd3 58.
g4 Nf4 59. b4 Kf3 0-1

[Event "Plzen, FSB A"]
[Site "?"]
[Date "2003.??.??"]
[Round "4.12"]
[White "Folkova, M."]
[Black "Gross, D."]
[Result "1/2-1/2"]
[WhiteElo "2179"]
[BlackElo "2451"]
[PlyCount "74"]
[EventDate "2003.??.??"]
[Source "ChessBase"]
[SourceDate "1996.11.15"]

1. e4 c5 2. Nf3 e6 3. d4 cxd4 4. Nxd4 a6 5. Be2 Qc7 6. O-O Nf6 7. Nc3 Nc6 8.
Be3 Be7 9. a4 O-O 10. Kh1 Bb4 11. Bd3 Nxd4 12. Bxd4 e5 13. Be3 Bxc3 14. bxc3 d6
15. Qe1 Be6 16. f4 exf4 17. Rxf4 Ng4 18. Bd4 Ne5 19. Qg3 Rac8 20. h3 Qe7 21.
Rff1 Bc4 22. Rfb1 f6 23. Rb6 Rc7 24. Rab1 Bf7 25. Qf4 Be8 26. a5 Kh8 27. Qc1
Bc6 28. Qf4 Re8 29. R6b4 Qf7 30. Rf1 Rce7 31. Kh2 Qg6 32. Rf2 Qh5 33. Be2 Qf7
34. Bd3 Qa2 35. Bb6 Qe6 36. Rd4 Rd7 37. Qg3 Rde7 1/2-1/2

[Event "Plzen, FSB A"]
[Site "?"]
[Date "2003.??.??"]
[Round "4.13"]
[White "Simacek, P."]
[Black "Pech, V."]
[Result "1-0"]
[WhiteElo "2437"]
[BlackElo "2171"]
[PlyCount "69"]
[EventDate "2003.??.??"]
[Source "ChessBase"]
[SourceDate "1996.11.15"]

1. e4 c5 2. Nf3 Nc6 3. d4 cxd4 4. Nxd4 Nf6 5. Nc3 e5 6. Ndb5 d6 7. Nd5 Nxd5 8.
exd5 Nb8 9. c4 Be7 10. Be2 a6 11. Nc3 O-O 12. O-O f5 13. f4 Nd7 14. Kh1 Bf6 15.
fxe5 Bxe5 16. Be3 Qh4 17. Bg1 Nf6 18. Qe1 Qh6 19. Rd1 Bd7 20. Rd3 f4 21. Bd4
Rae8 22. Bxe5 Rxe5 23. Qf2 Bg4 24. Bf3 Rfe8 25. Kg1 Bf5 26. Rd2 g5 27. g3 g4
28. gxf4 Re3 29. Bd1 Rh3 30. Re2 Ne4 31. Qg2 Qg6 32. Rfe1 Nf6 33. Rxe8+ Nxe8
34. Bxg4 Rxh2 35. Kxh2 1-0

[Event "Plzen, FSB A"]
[Site "?"]
[Date "2003.??.??"]
[Round "4.14"]
[White "Hrbolka sr., L."]
[Black "Michalek, J."]
[Result "0-1"]
[WhiteElo "2174"]
[BlackElo "2390"]
[PlyCount "34"]
[EventDate "2003.??.??"]
[Source "ChessBase"]
[SourceDate "1996.11.15"]

1. d4 Nf6 2. c4 g6 3. Nc3 Bg7 4. e4 d6 5. f4 O-O 6. Nf3 Na6 7. Bd3 Bg4 8. O-O
e5 9. fxe5 Nd7 10. h3 Bxf3 11. Qxf3 c5 12. exd6 cxd4 13. Nd5 Ne5 14. Qg3 Qxd6
15. Bf4 Nc5 16. b4 Ncxd3 17. Qxd3 Qxd5 0-1

[Event "Plzen, FSB A"]
[Site "?"]
[Date "2003.??.??"]
[Round "4.15"]
[White "Cedikova, K."]
[Black "Sikora-Lerch, J."]
[Result "0-1"]
[WhiteElo "2168"]
[BlackElo "2324"]
[PlyCount "122"]
[EventDate "2003.??.??"]
[Source "ChessBase"]
[SourceDate "1996.11.15"]

1. Nf3 c5 2. g3 g6 3. Bg2 Nc6 4. O-O Bg7 5. d3 e6 6. e4 Nge7 7. Nc3 O-O 8. Be3
b6 9. Qd2 Nd4 10. Nh4 Bb7 11. Nd1 d5 12. f4 dxe4 13. dxe4 Nb5 14. Qc1 Qd7 15.
Nf2 Rfd8 16. c3 Bc6 17. Nf3 Qc7 18. Qc2 Nd6 19. Ne5 Bb7 20. Rad1 f6 21. Nf3 Nf7
22. Rd2 Rxd2 23. Bxd2 Rd8 24. Be3 f5 25. Nd2 Ba6 26. Re1 Nd6 27. Qa4 Bb7 28.
Qb3 c4 29. Qc2 a6 30. g4 fxe4 31. Ndxe4 Nxe4 32. Bxe4 Nd5 33. Qe2 Nxe3 34. Qxe3
Bc8 35. Nh3 Bf8 36. Kh1 Bc5 37. Qe2 Bb7 38. Qxc4 Rd5 39. f5 b5 40. Qb3 Re5 41.
Ng5 gxf5 42. Nxe6 Rxe4 43. Nxc5+ Rc4+ 44. Nxb7 Qxb7+ 45. Kg1 Qb6+ 46. Kf1 Qc6
47. gxf5 Qf3+ 48. Kg1 Kf8 49. Qa3+ b4 50. Qxb4+ Rxb4 51. cxb4 Qg4+ 52. Kf1 Qf4+
53. Kg1 Qd2 54. Rf1 Qxb2 55. Rf2 Qxb4 56. f6 Qg4+ 57. Kf1 Kf7 58. Ke1 Qe4+ 59.
Kf1 Qh1+ 60. Ke2 Qc1 61. Kd3 Qe1 0-1

[Event "Plzen, FSB A"]
[Site "?"]
[Date "2003.??.??"]
[Round "4.17"]
[White "Tuma, J."]
[Black "Palek, M."]
[Result "0-1"]
[WhiteElo "2138"]
[BlackElo "2246"]
[PlyCount "118"]
[EventDate "2003.??.??"]
[Source "ChessBase"]
[SourceDate "1996.11.15"]

1. e4 c5 2. Nf3 Nc6 3. d4 cxd4 4. Nxd4 g6 5. g3 Bg7 6. Ne2 f5 7. exf5 Qa5+ 8.
Nbc3 Qxf5 9. Bg2 Nf6 10. O-O O-O 11. Nd5 Nxd5 12. Qxd5+ Qxd5 13. Bxd5+ e6 14.
Bg2 b6 15. Rd1 Rf7 16. c3 Bb7 17. Bf4 Na5 18. Bxb7 Nxb7 19. Be3 Rc8 20. Nd4 Bf8
21. Nb5 a6 22. Nd4 Na5 23. f4 Nc4 24. Bc1 Bc5 25. Kg2 Bxd4 26. Rxd4 d5 27. a4
Rfc7 28. Ra2 Kf7 29. Bd2 Nd6 30. Be3 Rc6 31. Bg1 Kf6 32. h3 Ne4 33. Rb4 Rb8 34.
Bd4+ Kf7 35. Be5 Rb7 36. Bd4 Nd6 37. Ra1 Nc4 38. Rd1 Ke7 39. g4 Kd7 40. Kg3 Rb8
41. Bg1 Nd6 42. Rbd4 b5 43. Rb4 Rc4 44. Rd4 Rxb4 45. Rxb4 Nc4 46. b3 Nd2 47.
Bd4 Kc6 48. axb5+ axb5 49. f5 gxf5 50. gxf5 exf5 51. Kf4 Rf8 52. Be5 Rf7 53.
Ke3 Ne4 54. h4 Nc5 55. c4 bxc4 56. bxc4 f4+ 57. Bxf4 d4+ 58. Kxd4 Rxf4+ 59. Ke5
Nd3+ 0-1

[Event "Plzen, FSB A"]
[Site "?"]
[Date "2003.??.??"]
[Round "4.18"]
[White "Pokrupa, M."]
[Black "Blazkova, P."]
[Result "0-1"]
[WhiteElo "2115"]
[BlackElo "2222"]
[PlyCount "108"]
[EventDate "2003.??.??"]
[Source "ChessBase"]
[SourceDate "1996.11.15"]

1. d4 Nf6 2. Nf3 c5 3. d5 e6 4. Nc3 d6 5. e4 e5 6. Be2 g6 7. O-O Bg7 8. Nd2 O-O
9. a4 Ne8 10. Nc4 f5 11. f4 Nd7 12. exf5 gxf5 13. Nb5 Qe7 14. Bh5 a6 15. Bxe8
axb5 16. Bxd7 Bxd7 17. Nb6 Rad8 18. fxe5 Bxe5 19. Qh5 f4 20. Nxd7 Qxd7 21. axb5
Qxb5 22. Bxf4 Qxb2 23. Qg5+ Bg7 24. h4 Qxc2 25. h5 Qf5 26. Qg3 Qxh5 27. Bxd6
Rxf1+ 28. Rxf1 Qg6 29. Qxg6 hxg6 30. Bxc5 Rxd5 31. Bb6 Rb5 32. Be3 Rb3 33. Kf2
Kf7 34. Rd1 Ke6 35. Rd8 Kf5 36. Rg8 Be5 37. g4+ Ke4 38. Ba7 Rb2+ 39. Ke1 Ra2
40. Bb6 Ra6 41. Bd8 Ra8 42. Re8 b5 43. Kd1 Kd5 44. Rg8 Bc7 45. Rxg6 Rxd8 46.
Kc2 Rd6 47. Rg7 Ba5 48. Ra7 Be1 49. Rf7 Kc4 50. Re7 Bf2 51. g5 b4 52. Rc7+ Bc5
53. Rf7 b3+ 54. Kc1 Ba3+ 0-1

[Event "Plzen, FSB A"]
[Site "?"]
[Date "2003.??.??"]
[Round "4.19"]
[White "Jaros, M."]
[Black "Zeleny, T."]
[Result "1/2-1/2"]
[WhiteElo "1997"]
[BlackElo "2187"]
[PlyCount "31"]
[EventDate "2003.??.??"]
[Source "ChessBase"]
[SourceDate "1996.11.15"]

1. d4 Nf6 2. c4 g6 3. Nc3 Bg7 4. e4 d6 5. Nf3 O-O 6. Be2 e5 7. Be3 Ng4 8. Bg5
f6 9. Bh4 Nc6 10. d5 Ne7 11. Nd2 h5 12. h3 Nh6 13. g4 hxg4 14. Bxg4 Nf7 15. f3
c5 16. Bf2 1/2-1/2